Movies Quiz

Random Movies or Box Office Quiz

Highest Grossing Movies (2003) Quiz Stats

 Plays Quiz Updated Dec 14, 2017

Challenge
Share
Tweet
Score 0/30 Timer 08:00
1 Play Today
% Correct
Finding Nemo
99.2%
Elf
94.1%
Hulk
91.2%
Bruce Almighty
86.2%
The Matrix Reloaded
86%
The Lord of the Rings: The Return of the King
84.6%
The Cat in the Hat
84%
Terminator 3: Rise of the Machines
81.6%
Freaky Friday
77.5%
American Wedding
74.8%
2 Fast 2 Furious
73.9%
Pirates of the Caribbean: The Curse of the Black Pearl
73.8%
X2: X-Men United
73.7%
Cheaper by the Dozen
72%
The Last Samurai
70.7%
% Correct
Daddy Day Care
68.9%
The Matrix Revolutions
67.7%
Bad Boys II
66.4%
Anger Management
64.1%
Charlie's Angels: Full Throttle
64.1%
Spy Kids 3D: Game Over
63.7%
Seabiscuit
62%
Daredevil
59.7%
How to Lose a Guy in 10 Days
50.5%
S.W.A.T
45.8%
Scary Movie 3
39.6%
The Italian Job
37.5%
Cold Mountain
30%
Something's Gotta Give
23.1%
Bringing Down the House
19.7%

You're not logged in!

Compare scores with friends on all Sporcle quizzes.
Join for Free
OR
Log In

You Might Also Like...

Show Comments

Extras

Top Quizzes Today


Score Distribution

Your Account Isn't Verified!

In order to create a playlist on Sporcle, you need to verify the email address you used during registration. Go to your Sporcle Settings to finish the process.

Report this User

Report this user for behavior that violates our Community Guidelines.

Details: